| 000 | 00340nam a2200121Ia 4500 | ||
|---|---|---|---|
| 008 | 220204s9999 xx 000 0 und d | ||
| 082 |
_a543.544 _bHAW |
||
| 100 | _aHawk, Gerald L | ||
| 245 | 0 | _aBiological biomedical applications of liquid chromatography | |
| 260 |
_aNew York _bDekker _c1979 |
||
| 650 | _aLiquid chromatography | ||
| 942 | _cBK | ||
| 999 |
_c36363 _d36363 |
||